=LDR 00000nam 2200000 4500 =001 INLIS000000000022770 =005 20130612121508 =008 ***********************************Ind** =035 ##$$0010-061300000022770 =041 ##$$a Ind =082 ##$$a 347 =090 ##$$a 347, Ras h =100 ##$$a Rasyid, rosihan A =245 ##$$a Hukum acara peradilan agama, Rosihan A.rasyid =260 ##$$a 2005 $b Jakarta =300 ##$$a xx, 300 hlm, ilus, 21 cm =650 ##$$a Hukum acara peradilan =850 ##$$a NBPNMAT =990 ##$$a 2090100962/BPAP-NTB/2015